00859nam a2200277 b 45000010008000000030009000080050017000170070008000340080032000420170009000740200018000830350006001010400025001071000025001322450033001572600036001903000021002264900027002475860084002748300027003589420012003859450027003979520108004249560032005329990017005640000616DO-SdBNP20180126105917.00000616050617 2009 sp spa  a b  a9788498957150 a  aBPMSUbspacBPMSUe 1 aVela, Javier,d1981-10aImaginario /cJavier Velah  aMadrid :bVisor libros, c2009. a48 p. : c20 cm.1 aVisor de poesíav715 aXXI Premio Internacional de Poesía Fundación Loewe a la Joven Creación. 0aVisor de poesían715 2ddccBK aInventariado, 2018 /LP 00102ddc40708CGaBPMETbBPMETd2016-08-29eSin sellarl0pBPMSU16080241r2016-08-29w2016-08-29yBK aYLOCKWARDb10dBPMSUf00144 c11196d11196